Libro para el estudiante matemáticas 1 (Álgebra): nivel medio superior del Instituto Politécnico Nacional /

Đã lưu trong:
Chi tiết về thư mục
Nhiều tác giả của công ty: Academia Institucional de Matemáticas del Nivel Medio Superior del Instituto Politécnico Nacional, e-libro, Corp
Định dạng: eBook
Ngôn ngữ:Tiếng Tây Ban Nha
Được phát hành: México : Instituto Politécnico Nacional, [2004]
Những chủ đề:
Truy cập trực tuyến:https://elibro.unach.elogim.com/es/lc/unach/titulos/101789
Các nhãn: Thêm thẻ
Không có thẻ, Là người đầu tiên thẻ bản ghi này!

MARC

LEADER 00000nam a2200000 a 4500
001 ELB101789
003 FlNmELB
006 m o d |
007 cr cn|||||||||
008 201003r2004 mx |||||s|||||||||||spa d
020 |z 9789701869311 
035 |a (OCoLC)929290486 
040 |a FlNmELB  |b spa  |c FlNmELB 
050 4 |a QA150  |b A168 2004 
080 |a 51 
082 0 4 |a 512  |2 22 
110 2 |a Academia Institucional de Matemáticas del Nivel Medio Superior del Instituto Politécnico Nacional. 
245 1 0 |a Libro para el estudiante  |h [recurso electronico] :  |b matemáticas 1 (Álgebra): nivel medio superior del Instituto Politécnico Nacional /  |c Academia Institucional de Matemáticas del Nivel Medio Superior del Instituto Politécnico Nacional. 
260 |a México :  |b Instituto Politécnico Nacional,  |c [2004] 
300 |a 162 p. 
533 |a Recurso electrónico. Santa Fe, Arg.: e-libro, 2015. Disponible vía World Wide Web. El acceso puede estar limitado para las bibliotecas afiliadas a e-libro. 
650 4 |a Matemáticas. 
650 4 |a Álgebra. 
650 4 |a Algebra. 
653 |a Matematicas 
655 4 |a Libros electrónicos. 
710 2 |a e-libro, Corp. 
856 4 0 |u https://elibro.unach.elogim.com/es/lc/unach/titulos/101789